| 000 | 00866nam a2200205 a 4500 | ||
|---|---|---|---|
| 005 | 20140412111421.0 | ||
| 008 | 080103s19uu xx 00 eng d | ||
| 020 | _a0-590-30857-2 | ||
| 050 |
_aTR(PS E _bTh41 1997 |
||
| 100 | _aMaccarone , Grace | ||
| 245 |
_aThree pigs, One wolf, and seven magic shapes / _cGrace Maccarone; illustrated by David Neuhaus; math activities by Marilyn Burns. |
||
| 260 |
_aNew York : _bScholastic Inc, _cc1997. |
||
| 300 | _a1 v. (unpaged):col. ill. ;23cm | ||
| 440 | _aHello Math Reader. Level 3 | ||
| 500 | _a"Cartwheel books." "Geometry"-- Cover 1 & 2 | ||
| 520 | _aTells the story of three pigs who acquire some magic shapes, which they use for various purposes, some smart and some not so smart. Includes a section with related activities. | ||
| 650 |
_aShape _xFiction |
||
| 650 |
_aTangrams _xFiction |
||
| 999 |
_c106016 _d106016 |
||